000 01133nam a22002777a 4500
001 4793
003 FISKH
005 20251201113339.0
008 241014b cb ||||| |||| 00| 0 eng d
020 _a9780007279043
040 _aFISKH
_beng
_cFISKH
_dFISKH
050 _aPZ7.W1593357
082 _a823.92
100 _aWalliams, David
245 _aThe Boy in the Dress /
_cby David Walliams : illustrated by Quentin Blake
260 _aGreat Britain :
_bHarperCollins Children's Books ;
_c2008 .
300 _a231 pages :
_billustrations ;
_c21 cm .
505 _aP
520 _a"Dennis' life is boring and lonely. His mother left two years ago, his truck driver father is depressed, his brother is a bully and, worst of all, "no hugging" is one of their household rules. But one thing Dennis does have is soccer---he's the leading scorer on his team. Oh, and did we mention his secret passion for fashion?"--Jacket.
521 8 _a650
_bLexile
521 8 _aP
_bRaz-Plus
650 _asoccer
_vChildren's fiction
700 _aBlacke, Quentin
_eillustrator
942 _2ddc
_cBK
_n0
999 _c4793
_d4793